Akreditácia vysokých škôl a zmeny vysokoškolského zákona

Novela zákona č. 131/2002 Z.z. o vysokých školách uverejnená v Zbierke zákonov pod č. 496/2009 Z.z. reaguje na súčasný stav v rámci prebiehajúcich komplexných akreditácií vysokých škôl. Úloha akademického senátu verejnej vysokej školy. Majetok verejnej VŠ, prenájom majetku. Policajné vysoké školy. P...

Descripción completa

Guardado en:
Detalles Bibliográficos
Autor principal: Tichý, Miroslav
Formato: Capítulo de libro
Lenguaje:eslovaco
Materias:
Etiquetas: Agregar Etiqueta
Sin Etiquetas, Sea el primero en etiquetar este registro!

MARC

LEADER 00000naa$a2200000$$$4500
001 0109458
005 20231120114315.6
041 0 |a slo 
044 |a SK 
245 1 0 |a Akreditácia vysokých škôl a zmeny vysokoškolského zákona  |c Miroslav Tichý 
520 |a Novela zákona č. 131/2002 Z.z. o vysokých školách uverejnená v Zbierke zákonov pod č. 496/2009 Z.z. reaguje na súčasný stav v rámci prebiehajúcich komplexných akreditácií vysokých škôl. Úloha akademického senátu verejnej vysokej školy. Majetok verejnej VŠ, prenájom majetku. Policajné vysoké školy. Povinnosti zahraničných VŠ pôsobiacich v SR. Skúšky. Práva študenta. Vysokoškolskí učitelia. Preradenie VŠ. Kvalita poskytovaného vzdelávania. Pôsobnosť vlády a ministerstva školstva. Prechodné ustanovenia účinné od 1. januára 2010. 
610 2 0 |a školy vysoké 
610 2 0 |a akreditácia 
610 2 0 |a študenti 
610 2 0 |a učitelia 
610 2 0 |a kvalita 
610 2 0 |a zákony 
610 2 0 |a novelizácia 
100 1 |a Tichý, Miroslav